| 000 | 01355pam a2200373 a 4500 | ||
|---|---|---|---|
| 001 | 1936 | ||
| 003 | FISKH | ||
| 005 | 20231019102326.0 | ||
| 008 | 030428r20031999enka j 000 1 eng | ||
| 015 |
_aGBA3X0621 _2bnb |
||
| 020 | _a9780545859172 | ||
| 039 | 0 | _a2743 | |
| 040 |
_aStDuBDS _dUk _beng _cUK |
||
| 042 | _aukblsr | ||
| 050 | _aPZ7.P71295 | ||
| 082 | 0 | 4 |
_a823.914 _222 |
| 100 | 1 | _aPlatt, Richard. | |
| 245 | 1 | 0 |
_aCastle diary : _bthe journal of Tobias Burgess, page / _cRichard Platt ; illuminated by Chris Riddell. |
| 260 |
_aLondon : _bScholastic, _c1999. |
||
| 300 |
_a123 , 5 unnumbered pages : _billustrations ; _c18 cm. |
||
| 336 |
_atext _2rdacontent |
||
| 337 |
_aunmediated _2rdamedia |
||
| 338 |
_avolume _2rdacarrier |
||
| 505 | _aZ' | ||
| 520 | _aAs a page in his uncle's castle in thirteenth-century England, eleven-year-old Tobias records in his journal his experiences learning how to hunt, play games of skill, and behave in noble society. Includes notes on noblemen, castles, and feudalism. | ||
| 521 | 8 |
_a1010
_bLexile |
|
| 521 | 8 |
_aZ
_bRaz-Plus |
|
| 650 | 0 |
_aCastles _zGreat Britain _vJuvenile fiction. |
|
| 650 | 0 |
_aMiddle Ages _xHistory _vJuvenile fiction. |
|
| 655 | 0 | 7 |
_aDiary fiction. _2lcsh |
| 655 | 0 | 7 |
_aChildren's stories. _2lcsh |
| 700 | 1 |
_aRiddell, Chris. _eillustrator |
|
| 942 |
_2ddc _cBK _n0 |
||
| 999 |
_c1936 _d1936 |
||